Podpora procedurálnych jazykov v prostredí Oracle, Postgre SQL a MS SQL bakalárska práca

Gespeichert in:
Bibliographische Detailangaben
1. Verfasser: Beňová, Zuzana
Körperschaft: Fakulta hospodárskej informatiky EU. Katedra aplikovanej informatiky
Weitere Verfasser: Pittner, Ján
Format: Buch
Sprache:Slowakisch
Veröffentlicht: Bratislava 2012
Tags: Tag hinzufügen
Keine Tags, Fügen Sie das erste Tag hinzu!

MARC

LEADER 00000nbm a2200000 4500
001 0156304
005 20220408102744.3
041 0 |a slo 
044 |a SK 
245 1 0 |a Podpora procedurálnych jazykov v prostredí Oracle, Postgre SQL a MS SQL  |b bakalárska práca  |c Zuzana Beňová ; školiteľ: Ján Pittner 
264 1 |a Bratislava  |c 2012 
300 |a 44 s. 
100 1 |a Beňová, Zuzana 
700 1 |a Pittner, Ján 
710 2 |a Fakulta hospodárskej informatiky EU. Katedra aplikovanej informatiky